| 000 | 00265nam a22001097a 4500 | ||
|---|---|---|---|
| 999 |
_c16982 _d16982 |
||
| 003 | ASAB | ||
| 005 | 20170804135237.0 | ||
| 008 | 140217t xxu||||| |||| 00| 0 eng d | ||
| 020 | _a978-81-7233-706-3 | ||
| 040 | _cASAB | ||
| 082 | _a616.09 | ||
| 100 |
_aVivek Kumar _9724 |
||
| 245 |
_aLaboratory Manual of Microbiology _cby Vivek Kumar. |
||
| 260 |
_aIndia. _bScientific publishers india. _c2011. |
||
| 300 | _a214 P. | ||
| 942 |
_2ddc _cBK |
||